000 00419nam a2200181Ia 4500
005 20240823033854.0
008 240823s9999||||xx |||||||||||||| ||und||
041 _aENGLISH
082 _A516.9
100 _aKletenik D
245 0 _aProblems in Analytic Geometry
250 _a1st
260 _bPeace Publi
500 _aTRANSFERED
650 _aAnalytic Geometry
_bMathematics
942 _cBK
999 _c196860
_d196860